000 00291nam a2200121Ia 4500
008 191201s2009 xx 000 0 und d
100 _aGUPTA, Shashi K
245 0 _aOrganisational Behaviour
260 _aN. delhi
_bkalyani pub
_c2009
300 _amisc
650 _aMBA
942 _2ddc
_cBK
_05
999 _c6562
_d6562